000 01868nam0a2200409 4500
001 RU\NLR\BIBL_A\012537100
005 20210624113735.0
010 _a978-5-905-522-69-7
021 _aRU
_bАЛ-П-21-00053и
_9АЛ-П-21-0010
035 _a(NLR Aleph) 012537100
035 _a(RuMoRGB)010570285
090 _a12388940
_c12388940
100 _a20210604d2019 u y0rusy50 ca
101 0 _arus
102 _aRU
105 _aac||b|||000zy
181 0 _ab3
_bxb2e
181 0 _ai1
_baxxe
182 0 _an
200 1 _aЖивопись моя жизнь
_dPainting is my life
_e[альбом-каталог авторской коллекции работ уральских художников]
_fЛюбовь Мамонтова
_g[вступительное слово: Наталия Ярославцева]
_zeng
203 _aИзображение
_aТекст
_bвизуальные
_cнепосредственные
210 _aЕкатеринбург
_c[б. и.]
_d2019
215 _a[50] с.
_cцв. ил., портр.
_d30
300 _aАвт. также на англ. яз.: Lyubov Mamontova
300 _aТекст парал. рус., англ.
510 1 _6z11790
_aPainting is my life
_zeng
600 1 _aМамонтова
_bЛ. Н.
_gЛюбовь Николаевна
_jАльбомы
_2nlr_sh2
_3RU\NLR\AUTH\6601689159
606 1 _aЖивопись русская
_z20 - 21 вв.
_yУрал
_jАльбомы
_2nlr_sh2
_3RU\NLR\AUTH\6601689167
686 1 _aЩ101г(2Р)7дМамонтова я61
686 1 _aЩ143(2Р=Рус)7-699Урал я61
700 1 _aМамонтова
_bЛ. Н.
_gЛюбовь Николаевна
790 1 _6z11510
_aMamontova
_bL. N.
_gLjubov' Nikolaevna
942 _cBOOK
980 _aNB